00404nam a2200133 a 4500008004100000020001500041050001600056100001500072245006800087246004600155260003900201300002100240350000900261120416s1987 ||||||||||||||||| || u a0866566171 aZ 678.9 Web aWebb, T. D14aThe in-house option: professional issues of library automation  aprofessional issues of library automation aNew York:bThe Haworth Pressc1987 axx, 166p. : ill. a0.00